| 000 | 00541nam a22002057a 4500 | ||
|---|---|---|---|
| 003 | OSt | ||
| 005 | 20140310183110.0 | ||
| 008 | 130322t xxu||||| |||| 00| 0 eng d | ||
| 022 | _a9789715846325 | ||
| 050 |
_aKPM 1100 _b.Am481 2007 |
||
| 082 |
_aFIL 346.59904 _b.Am481 2007 |
||
| 245 |
_aIntellectual property fundamentals _cAmador, Vicente B. |
||
| 260 |
_aQuezon City _bC & E Pub. _c2007 |
||
| 300 |
_a781 p. _c22 cm. |
||
| 521 | _aCollege | ||
| 526 | _c1210L-1700L | ||
| 541 | _j1 | ||
| 562 | _e1 | ||
| 942 |
_2lcc _cBK _kFIL |
||
| 999 |
_c18837 _d18837 |
||